Imágenes de la esperanza : itinerarios por el año litúrgico /

Compilación de meditaciones sobre el año litúrgico del actual papa Benedicto XVI, que reúne al cumplir 70 años. Las mismas surgen de sus vivencias en visitas de templos católicos en Roma y están algunas de lelas asociadas a pinturas que le recuerdan un pasaje bíblico.

Guardado en:
Bibliografiske detaljer
Hovedforfatter: Ratzinger, Joseph (autor)
Format: Bog
Sprog:spansk
Udgivet: Madrid, España : Encuentro, 1998, c1998
Serier:(Ensayos Encuentro ; 114)
Fag:
Tags: Tilføj Tag
Ingen Tags, Vær først til at tagge denne postø!

MARC

LEADER 00000nam^a2200000^a^4500
001 000327310
005 20250521000000.0
009 20260310113831.565
020 |a 84-7490-476-5 
037 |a Acervo Xavier Clavigero 
041 |a ESP 
082 |a 242. 3  |b RAT 
100 |a Ratzinger, Joseph  |e (autor) 
245 1 0 |a Imágenes de la esperanza :  |b itinerarios por el año litúrgico /  |c J. Ratzinger ; tr. José Pedro Tosaus. 
264 4 |a Madrid, España :  |b Encuentro,  |c 1998, c1998 
300 |a 103 p. 
336 |a texto  |b txt  |2 rdacontenido 
337 |a sin mediación  |b n  |2 rdamedio 
338 |a volumen  |b nc  |2 rdasoporte 
440 1 |a (Ensayos Encuentro ;  |v 114) 
500 |a Traducción de: Bilder der Hoffnung Wanderungen im Kirchenjahr 
520 |a Compilación de meditaciones sobre el año litúrgico del actual papa Benedicto XVI, que reúne al cumplir 70 años. Las mismas surgen de sus vivencias en visitas de templos católicos en Roma y están algunas de lelas asociadas a pinturas que le recuerdan un pasaje bíblico. 
649 |a XX 
650 |a Año Cristiano -  |x Meditaciones -  |x Tema Principal 
650 |a Meditación 
650 |a Teología Práctica 
650 |a Cristianismo 
650 |a Catolicismo 
650 |a Religión 
910 |a Fondo General 
920 |a Impresos - Libros 
930 |a Colección General 
905 |a 101 
901 |a 064063  |b IT1  |c ACC  |i C135703  |u 20250521 
902 |a https://opac.biblio.iteso.mx/vufind/Record/000327310